<?xml version="1.0" encoding="UTF-8"?>
<record
    xmlns:xsi="http://www.w3.org/2001/XMLSchema-instance"
    xsi:schemaLocation="http://www.loc.gov/MARC21/slim http://www.loc.gov/standards/marcxml/schema/MARC21slim.xsd"
    xmlns="http://www.loc.gov/MARC21/slim">

  <leader>00628nam a2200133Ia 4500</leader>
  <controlfield tag="001">3600</controlfield>
  <controlfield tag="008">241024s9999    xx            000 0 und d</controlfield>
  <datafield tag="082" ind1=" " ind2=" ">
    <subfield code="a">372.72/C778c</subfield>
  </datafield>
  <datafield tag="100" ind1=" " ind2=" ">
    <subfield code="a">Coordinaci&#xF3;n Educativa y Cultural Centroamericana, CECC/SICA/UNICEF</subfield>
  </datafield>
  <datafield tag="245" ind1=" " ind2="0">
    <subfield code="a">Completar la escuela en Centroam&#xE9;rica. Los desaf&#xED;os pendientes, resumen ejecutivo. (Informe anal&#xED;tico basado en la informaci&#xF3;n de los a&#xF1;os 2010/2011 de la Serie Regional de Indicadores Educativos sobre Fracaso Escolar de la Coordinaci&#xF3;n Educativa y Cultural Centroamericana CECC</subfield>
  </datafield>
  <datafield tag="260" ind1=" " ind2=" ">
    <subfield code="b">Belise</subfield>
    <subfield code="c">2013</subfield>
  </datafield>
  <datafield tag="901" ind1=" " ind2=" ">
    <subfield code="a">9/1/2014 2:32:08 p.m.</subfield>
  </datafield>
  <datafield tag="999" ind1=" " ind2=" ">
    <subfield code="c">10914</subfield>
    <subfield code="d">10914</subfield>
  </datafield>
</record>
